000 02435nam2a2200325 4500
001 RU\NLR\BIBL_A\011116810
005 20250625205120.0
010 _a978-5-7779-1908-3
010 _a978-5-7779-1910-6
_bч. 2
021 _aRU
_b2016-29363
_91891
035 _a(NLR Aleph) 011116810
090 _a11496436
_c11496436
100 _a20160428d2015 |||y0rusy50 ca
101 0 _arus
102 _aRU
105 _ah|||z|||100yy
200 1 _a2015 - год литературы в России
_eв 2 ч.
_hч. 2
_iУчебно-методические материалы
_eматериалы всероссийской научно-практической конференции (Омск, 22-23 мая 2015 г.)
_f[отв. ред.: д.филол.н., проф. Т.П. Рогожникова]
210 _aОмск
_cОмГУ
_d2015
215 _a303 с.
_cфакс.
_d21
300 _aВ надзаг.: М-во образования и науки Рос. Федерации, Федер. гос. бюджет. образоват. учреждение высш. проф. образования Омск. гос. ун-т им. Ф.М. Достоевского
320 _aБиблиогр. в конце ст.
461 0 _1001RU\NLR\bibl\6141
_12001#$aСлавянские чтения$eМатериалы докл. науч.-практ. конф.$vВып. 17
_94716063
_cОмск
_d1995
_nИзд-во Ом. отд-ния Междунар. Фонда слав. письменности и культуры
_oМатериалы докл. науч.-практ. конф.
_tСлавянские чтения
_vВып. 17
606 1 _aРусская филология
_jСъезды, совещания и т.п
_91533718
_3RU\NLR\AUTH\66969420
686 1 _aШ041.2я431
702 1 _4340
_aРогожникова
_bТ. П.
_cд-р филол. наук
_gТатьяна Павловна
_9155820
_3RU\NLR\AUTH\770155859
711 1 2 _a"Славянские чтения", всероссийская научно-практическая конференция с международным участием
_d17
_eОмск
_f2015
_9515588
_3RU\NLR\AUTH\880425527
942 _cBOOK
980 _aNB